000 00515nam a2200205Ia 4500
003 OSt
005 20220928140822.0
006 a|||||r|||| 00| 0
007 ta
008 220927b |||||||| |||| 00| 0 eng d
024 _a12074
037 _cTextual
040 _aSDCL
_cSDCL
_beng
041 _2eng
_aeng
082 _aD6,8(B289J)g, N9
245 0 _aSUN CERTIFIED programmer for Java 2 study guide.
260 _c1999
942 _hD6,8(B289J)g, N9
_cTEXL
_2CC
999 _c814483
_d814483